000 00333nam a2200133Ia 4500
008 150201s2009 xx 000 0 und d
082 _a616.01
_bM09T
100 _aTORTORA, GENARD J
245 _aMICROBIOLOGY: AN INTRODUCTION
250 _a9TH
260 _bMOSBY ELSEVIER
_aDELHI
_c2009
650 _aMICROBIOLOGY
942 _2ddc
_cBK
_01
999 _c648
_d648